=LDR 00000nam 2200000 4500 =001 INLIS000000000017234 =005 20130612112425 =008 ***********************************Ind** =035 ##$$0010-061300000017234 =041 ##$$a Ind =082 ##$$a 617.96 =090 ##$$a 617.96, Bou a =100 ##$$a Boulton, Thomas B =245 ##$$a Anestesidogi, ThomasB. Boulton =260 ##$$a 1994 $b Jakarta =300 ##$$a ix, 985 hlm, 21 cm =650 ##$$a Anestesi =850 ##$$a NBPNMAT